Barrio harmonics : essays on Chicano/Latino music /

Bibliographic Details
Main Author: Loza, Steven Joseph (Author)
Format: Book
Language:English
Published: Los Angeles : UCLA Chicano Studies Research Center Press, 2019.
Subjects:

MARC

Tag First Indicator Second Indicator Subfields
LEADER 00000cam a2200000 i 4500
001 in00004073708
005 20191021074833.0
008 181005s2019 cau 001 0 eng
010 |a  2018047754 
020 |a 9780895511676  |q (pbk.) 
020 |a 0895511673 
035 |a (OCoLC)on1057241466 
040 |a DLC  |e rda  |c DLC  |d UtOrBLW 
043 |a cl-----  |a n-us--- 
049 |a TXAM 
050 0 0 |a ML3475  |b .L69 2019 
082 0 0 |a 781.64089/68  |2 23 
100 1 |a Loza, Steven Joseph,  |e author.  |0 http://id.loc.gov/authorities/names/n89659020 
245 1 0 |a Barrio harmonics :  |b essays on Chicano/Latino music /  |c Steven Loza. 
264 1 |a Los Angeles :  |b UCLA Chicano Studies Research Center Press,  |c 2019. 
300 |a viii, 240 pages :  |b illustrations ;  |c 23 cm. 
336 |a text  |b txt  |2 rdacontent 
337 |a unmediated  |b n  |2 rdamedia 
338 |a volume  |b nc  |2 rdacarrier 
504 |a Includes bibliographical references and index. 
650 0 |a Popular music  |z Latin America  |x History and criticism.  |0 http://id.loc.gov/authorities/subjects/sh2010107626 
650 0 |a Mexican Americans  |v Music  |x History and criticism. 
650 0 |a Popular music  |z United States  |x History and criticism.  |0 http://id.loc.gov/authorities/subjects/sh2008109794 
945 |b 59560 
947 |a A14850856924 
948 |a cataloged  |b h  |c 2019/6/14  |d c  |e dmitchel  |f 11:50:30 am 
994 |a 92  |b TXA 
999 f f |s 62bb8321-fe04-3164-9db0-c63ed16a96f3  |i 558acd80-5f89-3677-80c7-73eb844f702a  |t 0 
952 f f |p normal  |a Texas A&M University  |b College Station  |c Sterling C. Evans Library  |d Evans: Library Stacks  |t 0  |e ML3475 .L69 2019  |h Library of Congress classification  |i unmediated -- volume  |m A14850856924 
998 f f |a ML3475 .L69 2019  |t 0  |l Evans: Library Stacks